Normal view
MARC view
- Engr Zaheer Ud Din Babur
Entry Personal Name
001 - CONTROL NUMBER
- control field: 48553
003 - CONTROL NUMBER IDENTIFIER
- control field: NUST
005 - DATE AND TIME OF LATEST TRANSACTION
- control field: 20210314134054.0
008 - FIXED-LENGTH DATA ELEMENTS
- fixed length control field: 210314|| aca||aabn | a|a d
040 ## - CATALOGING SOURCE
- Original cataloging agency: NUST
- Transcribing agency: NUST
100 ## - HEADING--PERSONAL NAME
- Personal name: Engr Zaheer Ud Din Babur
670 ## - SOURCE DATA FOUND
- Source citation: Work cat.: (NUST): Engr Zaheer Ud Din Babur, To Evaluate Disaster Management Plan of District Nowshera for Floods 2010 by Identifying Lapses on Coordination Aspects
